Tribunali di commercio e codificazione commerciale carloalbertina

Saved in:
Bibliographic Details
Main Author: Pene Vidari, Gian Savino (autor)
Other Authors: Benedettí, Claudia De (a cura)
Format: Book
Language:Italian
Published: Verona, Italia: Stamperia Zendrini, 1971-1972
Subjects:
Tags: Add Tag
No Tags, Be the first to tag this record!

MARC

LEADER 00000nam a2200000 a 4500
001 UCP3534
003 CL-VaPUC
005 20220822114505.0
008 990625e19711972IT |||||||||||||||||ita|d
999 |c 436050  |d 436048 
020 |a 88-348-6138-8 
040 |c Pontificia Universidad Católica de Valparaíso 
082 0 4 |a 346.07 PEN 1971-1972  |2 21 
100 0 |a Pene Vidari, Gian Savino  |e autor  |9 430909 
245 |a Tribunali di commercio e codificazione commerciale carloalbertina 
260 |a Verona, Italia:  |b Stamperia Zendrini,  |c 1971-1972 
300 |a 98 páginas.  
500 |a c.1 Donación Familia Prof. Alejandro Guzmán Brito. 
500 |a Estratto da Rivista di storia del diritto italiano, vol. XLIV-XLV (1971-72). 
583 |a last modification  |c 19990625 00:00:00  |k Cristina María Rojas Aguilar 
650 |a Derecho comercial   |z Italia  |9 870777 
700 |a Benedettí, Claudia De   |e a cura   |9 866184 
942 |c BK  |2 ddc  |n 0 
945 |d 19990625 00:00:00  |a vberengu 
952 |0 0  |1 0  |2 ddc  |4 0  |6 346_070000000000000_PEN_19711972  |7 0  |8 C_AGB  |9 583777  |a BIBDER  |b BIBDER  |d 2022-06-16  |e Donación   |i 5651898  |o 346.07 PEN 1971-1972  |p 5651898  |r 2023-01-25  |t 1  |w 2022-06-16  |y BK_US  |k AGB